[Event "Moscow Open 2009 B"]
[Site "www.moscowchessopen.ru"]
[Date "2009.02.05"]
[Round "6.53"]
[White "Simonian, Tigran"]
[Black "Lozbenev, Pavel"]
[Result "1-0"]
[WhiteElo "2207"]
[BlackElo "2095"]
[Annotator ""]
[Source ""]
[Remark ""]

1.d4 g6 2.c4 Bg7 3.Nc3 d6 4.e4 Nc6 5.Be3 e5 6.Nge2 f5 7.exf5
Bxf5 8.d5 Nce7 9.Ng3 Nf6 10.Bd3 O-O 11.f3 Kh8 12.O-O Qc8 13.Kh1
Bd7 14.Nge4 Nf5 15.Bg5 Nxe4 16.Nxe4 h6 17.Bd2 g5 18.Rc1 a5 19.c5
Qb8 20.Qe1 b6 21.cxd6 cxd6 22.Ng3 Nxg3+ 23.Qxg3 Qe8 24.Be4 Rc8
25.Be3 Qd8 26.Rxc8 Qxc8 27.Rc1 Qb8 28.h4 g4 29.fxg4 Qd8 30.g5
hxg5 31.hxg5 Kg8 32.Qh2 Bf5 33.g6 1-0

[Event "Moscow Open 2009 B"]
[Site "www.moscowchessopen.ru"]
[Date "2009.02.05"]
[Round "6.54"]
[White "Uraev, Ivan"]
[Black "Gabdrakipov, Ilshat"]
[Result "1-0"]
[WhiteElo "2194"]
[BlackElo "1400"]
[Annotator ""]
[Source ""]
[Remark ""]

1.e4 c5 2.Nf3 Nc6 3.Bb5 g6 4.O-O Bg7 5.c3 Nf6 6.Re1 O-O 7.e5
Nd5 8.d4 cxd4 9.cxd4 d6 10.Nc3 dxe5 11.Bxc6 bxc6 12.Nxe5 Bxe5
13.Rxe5 Be6 14.Bh6 Re8 15.Ne4 Nf6 16.Nc5 Bd5 17.Re3 Rb8 18.b3
Nd7 19.Nd3 Nf8 20.Qg4 Be6 21.Qh4 Qd5 22.Re5 Qd6 23.Ra5 Rbd8 24.Be3
Qc7 25.b4 Rd5 26.Nc5 Bc8 27.Qg3 Qb6 28.a3 Ne6 29.Na4 Qd8 30.Rxa7
Nxd4 31.Bxd4 Rxd4 32.h3 Rd3 33.Qf4 Rd4 34.Qf3 Qd5 35.Qxd5 cxd5
36.Nc5 Rc4 37.Rd1 d4 38.f4 Bf5 39.Rd2 e5 40.fxe5 Rxe5 41.g4 Be6
42.Kf2 h5 43.Re2 Rxe2+ 44.Kxe2 hxg4 45.hxg4 Rc3 46.Nxe6 fxe6
47.b5 Rb3 48.a4 e5 49.Re7 Re3+ 50.Kd2 Kf8 51.Rc7 Rb3 52.Kc2 Rb4
53.a5 Rxb5 54.a6 Ra5 55.a7 e4 56.Rc8+ Ke7 57.a8Q Rxa8 58.Rxa8
Kf6 59.Ra5 Ke6 60.g5 Kd6 61.Kb3 e3 62.Kc2 e2 63.Kd2 d3 64.Ra6+
Ke5 65.Rxg6 1-0

[Event "Moscow Open 2009 B"]
[Site "www.moscowchessopen.ru"]
[Date "2009.02.05"]
[Round "6.55"]
[White "Rozhkovan, Vadim"]
[Black "Zimin, Alexey"]
[Result "1-0"]
[WhiteElo "1400"]
[BlackElo "2193"]
[Annotator ""]
[Source ""]
[Remark ""]

1.c4 e6 2.Nc3 d5 3.cxd5 exd5 4.d4 Be7 5.Nf3 Nf6 6.Bg5 h6 7.Bh4
O-O 8.e3 b6 9.Bd3 Ba6 10.O-O Bxd3 11.Qxd3 c6 12.Rac1 Nbd7 13.Rc2
Rc8 14.Rfc1 c5 15.dxc5 Nxc5 16.Qd4 Ne6 17.Qd1 g5 18.Bg3 Rc5 19.Nd4
Re8 20.Nb3 Rc4 21.Nxd5 Rxc2 22.Nxe7+ Qxe7 23.Qxc2 Rd8 24.Be5
Ng4 25.Bc3 Qd6 26.g3 Qd5 27.e4 Qd6 28.Qe2 Ne5 29.Qh5 Kh7 30.f4
Ng6 31.f5 Qd3 32.Re1 1-0

[Event "Moscow Open 2009 B"]
[Site "www.moscowchessopen.ru"]
[Date "2009.02.05"]
[Round "6.56"]
[White "Asgarov, Mushfig Nizami Oglu"]
[Black "Nastashuk, Stanislav"]
[Result "1/2-1/2"]
[WhiteElo "2192"]
[BlackElo "1936"]
[Annotator ""]
[Source ""]
[Remark ""]

1.e4 c5 2.Nf3 Nc6 3.Bb5 g6 4.O-O Bg7 5.c3 a6 6.Bxc6 bxc6 7.d4
cxd4 8.cxd4 Nf6 9.Nc3 O-O 10.Re1 d6 11.h3 h6 12.b3 a5 13.e5 Nd5
14.Nxd5 cxd5 15.exd6 Qxd6 16.a4 Re8 17.Ba3 Qf6 18.Ne5 Bf5 19.Qd2
Qb6 20.Bc5 Qb7 21.g4 Be4 22.f3 Bxe5 23.dxe5 Bxf3 24.e6 Be4 25.Qxh6
Qxb3 26.exf7+ Kxf7 27.Qh7+ Ke6 28.Rxe4+ dxe4 29.Qxg6+ Kd7 30.Qf5+
Kc7 31.Qe5+ Kd7 32.Rc1 Ra6 33.Bf2 Rd6 34.Qxe4 Rd1+ 35.Rxd1+ Qxd1+
36.Kg2 Qd6 37.Qb7+ Qc7 38.Qd5+ Qd6 39.Qxa5 Qc6+ 40.Kf1 Rb8 41.Qf5+
Ke8 42.Qh5+ Kd7 43.Qf5+ Ke8 44.g5 Qc1+ 45.Kg2 Rb1 46.Qg6+ Kf8
47.Qh6+ Ke8 48.Qh8+ Kd7 49.Qd4+ Ke8 50.Qh8+ Kd7 51.Qd4+ Ke8 52.Qh8+ 1/2-1/2

[Event "Moscow Open 2009 B"]
[Site "www.moscowchessopen.ru"]
[Date "2009.02.05"]
[Round "6.57"]
[White "Reshetnikov, Evgeny"]
[Black "Smotriakov, Arkady"]
[Result "1-0"]
[WhiteElo "2299"]
[BlackElo "2101"]
[Annotator ""]
[Source ""]
[Remark ""]

1.e4 c5 2.Nf3 d6 3.d4 cxd4 4.Nxd4 Nf6 5.Nc3 Nc6 6.Be3 e5 7.Nf3
h6 8.h3 Be6 9.Qe2 Rc8 10.O-O-O Qc7 11.g4 a6 12.g5 hxg5 13.Nxg5
b5 14.Nxe6 fxe6 15.f4 Qf7 16.a4 Be7 17.axb5 axb5 18.Qxb5 O-O
19.f5 Nd4 20.Bxd4 exd4 21.Rxd4 Rc5 22.Qa6 Ne8 23.Bc4 Nc7 24.Qa2
Bf6 25.Bxe6 Nxe6 26.fxe6 Qe7 27.Nd5 Qxe6 28.Nxf6+ Rxf6 29.Qxe6+
Rxe6 30.Rhd1 Kf7 31.Rxd6 Rxe4 32.Rd7+ Ke8 33.Rxg7 Re2 34.Rd2
Re1+ 35.Rd1 Re2 36.c3 Rh5 37.Rgg1 Rb5 38.b4 Rbe5 39.Rd2 R2e3
40.Kc2 Rxh3 41.Rgg2 Rhe3 42.Rd3 Re1 43.Rgd2 Ke7 44.Rd7+ Ke8 45.Ra7 1-0

[Event "Moscow Open 2009 B"]
[Site "www.moscowchessopen.ru"]
[Date "2009.02.05"]
[Round "6.58"]
[White "Orlov, Oleg"]
[Black "Ustinov, Alexey"]
[Result "1-0"]
[WhiteElo "2299"]
[BlackElo "2099"]
[Annotator ""]
[Source ""]
[Remark ""]

1.Nf3 g6 2.c4 Bg7 3.Nc3 e5 4.d4 d6 5.Bg5 f6 6.Bd2 c6 7.e3 Ne7
8.Be2 O-O 9.O-O Qc7 10.b4 Be6 11.e4 Nd7 12.Rc1 Bg4 13.dxe5 dxe5
14.c5 Bxf3 15.Bc4+ Kh8 16.Qxf3 Rfd8 17.Be3 f5 18.Bg5 Nf6 19.exf5
Nxf5 20.Rcd1 Rd4 21.Rxd4 exd4 22.Ne2 Nd7 23.Qh3 Re8 24.Nf4 Nf8
25.Nxg6+ Nxg6 26.Qxf5 Rf8 27.Qe4 a5 28.a3 axb4 29.axb4 Qe5 30.Qg4
Rf5 31.Bd2 Rf8 32.h4 Qf6 33.Bg5 Qe5 34.g3 Bf6 35.Bd2 Qc7 36.f4
Ne7 37.Qe6 Bg7 38.g4 Qd8 39.f5 d3 40.Qe4 Nd5 41.g5 Re8 42.Qxd3
Qc7 43.f6 Bxf6 44.Bxd5 Be5 45.Rf7 Bh2+ 46.Kh1 1-0

[Event "Moscow Open 2009 B"]
[Site "www.moscowchessopen.ru"]
[Date "2009.02.05"]
[Round "6.59"]
[White "Voronkov, Leonid"]
[Black "Kovtunenko, Alexandr"]
[Result "0-1"]
[WhiteElo "2109"]
[BlackElo "2294"]
[Annotator ""]
[Source ""]
[Remark ""]

1.e4 c5 2.Nf3 d6 3.c3 Nf6 4.Be2 Nc6 5.Qc2 Bg4 6.O-O e5 7.h3 Bh5
8.d3 Be7 9.Rd1 O-O 10.Nbd2 d5 11.Nf1 h6 12.Ng3 Bg6 13.Nh4 Bh7
14.Nhf5 d4 15.Bd2 Ne8 16.Nxe7+ Nxe7 17.cxd4 cxd4 18.Bb4 a5 19.Bxe7
Qxe7 20.Bg4 Ra6 21.Rac1 Nd6 22.Qb3 g6 23.Qd5 h5 24.Bf3 Kh8 25.Rc5
f6 26.Rdc1 Bg8 27.Rc7 Qxc7 28.Qxg8+ Kxg8 29.Rxc7 Rc8 30.Rxc8+
Nxc8 31.Bd1 a4 32.Ne2 Rb6 33.b3 a3 34.Kf1 Na7 35.Ke1 Nc6 36.Nc1
Nb4 37.Kd2 Rc6 0-1

[Event "Moscow Open 2009 B"]
[Site "www.moscowchessopen.ru"]
[Date "2009.02.05"]
[Round "6.60"]
[White "Velikanov, Igor"]
[Black "Zhuravliev, Vladilen"]
[Result "1-0"]
[WhiteElo "2292"]
[BlackElo "2097"]
[Annotator ""]
[Source ""]
[Remark ""]

1.Nf3 d6 2.d4 c6 3.c4 Nf6 4.Nc3 Qc7 5.e4 e5 6.Be2 Be7 7.O-O O-O
8.h3 Nbd7 9.Be3 Re8 10.d5 c5 11.Ne1 Nf8 12.Nd3 Ng6 13.a3 Bd7
14.Qd2 Rf8 15.b4 b6 16.bxc5 bxc5 17.Qc2 h6 18.Rab1 Rfb8 19.Rxb8+
Rxb8 20.Rb1 Ne8 21.Bg4 Bxg4 22.hxg4 Rxb1+ 23.Qxb1 Kf8 24.Qb5
Qb6 25.g3 Bd8 26.Kg2 Ke7 27.g5 hxg5 28.Bxg5+ f6 29.Be3 Qxb5 30.Nxb5
Bb6 31.Bd2 a6 32.Nc3 Ba5 33.Nb1 Bxd2 34.Nxd2 Kd7 35.f4 Kc7 36.Kf3
Ne7 37.Nb3 Kb6 38.Nf2 a5 39.Nd1 a4 40.Nd2 Ka5 41.Ne3 g6 42.Kg4
f5+ 43.exf5 gxf5+ 44.Kg5 exf4 45.gxf4 Nc7 46.Nxf5 Nc8 47.Ne3
Nb6 48.f5 Nd7 49.Ng4 Na6 50.Nf6 Nb4 51.Nxd7 Nc2 52.f6 Nxa3 53.f7 1-0

[Event "Moscow Open 2009 B"]
[Site "www.moscowchessopen.ru"]
[Date "2009.02.05"]
[Round "6.61"]
[White "Andreev, Gennadiy"]
[Black "Konenkin, Dmitry"]
[Result "0-1"]
[WhiteElo "2095"]
[BlackElo "2289"]
[Annotator ""]
[Source ""]
[Remark ""]

1.e4 d6 2.d4 Nf6 3.Nc3 e5 4.dxe5 dxe5 5.Qxd8+ Kxd8 6.Bg5 Be6
7.O-O-O+ Nbd7 8.f4 exf4 9.e5 h6 10.Bxf6+ gxf6 11.exf6 c6 12.Kb1
Bc5 13.Ne4 Be3 14.Ne2 Kc7 15.g3 Bg4 16.Nd2 f3 17.Nc3 f2 18.Be2
Nxf6 19.Bxg4 Nxg4 20.Nc4 b5 21.h3 bxc4 22.hxg4 Rad8 23.Rdf1 Rhe8
24.Nd1 Rd2 25.c3 Bc5 26.Kc1 Ree2 27.a3 Be7 28.Kb1 Bd6 29.Kc1
Bxg3 30.Rxh6 Bf4 31.Rf6 Rxb2+ 0-1

[Event "Moscow Open 2009 B"]
[Site "www.moscowchessopen.ru"]
[Date "2009.02.05"]
[Round "6.62"]
[White "Birjukov, Sergey"]
[Black "Ibragimov, Ali"]
[Result "0-1"]
[WhiteElo "2287"]
[BlackElo "2089"]
[Annotator ""]
[Source ""]
[Remark ""]

1.d4 Nf6 2.c4 g6 3.Nc3 Bg7 4.e4 d6 5.Nf3 O-O 6.Bd3 e5 7.d5 a5
8.O-O Na6 9.Bg5 Nc5 10.Bc2 h6 11.Bh4 Bg4 12.a3 Qc8 13.h3 Bd7
14.Nd2 Nh5 15.Kh2 Nf4 16.g4 f5 17.f3 fxg4 18.hxg4 h5 19.Rg1 hxg4
20.fxg4 Bf6 21.Bxf6 Rxf6 22.Kg3 Qf8 23.Rh1 Ncd3 24.Nf3 Bxg4 25.Bxd3
Nh5+ 26.Rxh5 Rxf3+ 27.Kg2 Rf2+ 28.Kg1 Bxd1 29.Nxd1 Rd2 30.Rh3
Qf4 31.Bf1 Rf8 32.Ne3 Qf2+ 33.Kh1 Rf3 34.Ng4 Rxh3+ 35.Bxh3 Qf3+ 0-1

[Event "Moscow Open 2009 B"]
[Site "www.moscowchessopen.ru"]
[Date "2009.02.05"]
[Round "6.63"]
[White "Volkov, Sergei"]
[Black "Gevondian, Arman"]
[Result "1-0"]
[WhiteElo "2286"]
[BlackElo "2081"]
[Annotator ""]
[Source ""]
[Remark ""]

1.e4 e5 2.Nc3 Nf6 3.f4 d5 4.fxe5 Nxe4 5.Nf3 Nc6 6.d3 Nxc3 7.bxc3
d4 8.cxd4 Nxd4 9.c3 Nxf3+ 10.Qxf3 c6 11.d4 Be6 12.Bd3 Qh4+ 13.g3
Qg4 14.Qxg4 Bxg4 15.O-O Be6 16.Rb1 O-O-O 17.Bf5 Bxf5 18.Rxf5
Rd7 19.Kf1 Kd8 20.Be3 Ke8 21.Ke2 a5 22.Kd3 b5 23.c4 b4 24.Ke4
Rc7 25.e6 Re7 26.Rxa5 Rxe6+ 27.Kd3 Be7 28.Ra8+ Bd8 29.Rxb4 c5
30.Rxd8+ 1-0

[Event "Moscow Open 2009 B"]
[Site "www.moscowchessopen.ru"]
[Date "2009.02.05"]
[Round "6.64"]
[White "Kirillov, Igor"]
[Black "Zaryvkina, Anastasia"]
[Result "1-0"]
[WhiteElo "2277"]
[BlackElo "2081"]
[Annotator ""]
[Source ""]
[Remark ""]

1.e4 c5 2.Nf3 d6 3.Bb5+ Bd7 4.Bxd7+ Qxd7 5.c4 e5 6.Nc3 Nc6 7.Nd5
Nge7 8.O-O Nxd5 9.cxd5 Nd4 10.Nxd4 cxd4 11.d3 Be7 12.Qb3 O-O
13.f4 Rac8 14.Bd2 Kh8 15.Rac1 f6 16.a4 Rxc1 17.Rxc1 Rc8 18.Rf1
Rc7 19.fxe5 fxe5 20.Qd1 Rc8 21.h3 Bf6 22.Qb3 Kg8 23.Ra1 Qe7 24.Rf1
Qd7 25.Qd1 Rc7 26.Ba5 Rc8 27.Bd2 Rc7 28.Bb4 Bg5 29.Qf3 Bf6 30.Qg3
Qe7 31.Qg4 Qd7 32.Qxd7 Rxd7 33.Rc1 Bd8 34.Rc8 Kf7 35.Kf2 Ke7
36.Ke1 Kf6 37.Bd2 h6 38.b4 a6 39.Ra8 Ke7 40.Kd1 Rc7 41.Rb8 Rd7
42.a5 Rc7 43.Be1 g5 44.Bd2 Rd7 45.Kc2 Kf6 46.Kb3 Ke7 47.b5 axb5
48.Kb4 Rc7 49.Kxb5 Rc5+ 50.Ka4 Rc7 51.Bb4 Rd7 52.Kb5 Kf6 53.g4
Ke7 54.Ba3 Rc7 55.Bxd6+ Kxd6 56.Rxd8+ Ke7 57.d6+ Kxd8 58.dxc7+
Kxc7 59.Kc5 1-0

[Event "Moscow Open 2009 B"]
[Site "www.moscowchessopen.ru"]
[Date "2009.02.05"]
[Round "6.65"]
[White "Lagashin, Pavel"]
[Black "Pechnikov, Artiom"]
[Result "1-0"]
[WhiteElo "2095"]
[BlackElo "2267"]
[Annotator ""]
[Source ""]
[Remark ""]

1.Nf3 c5 2.g3 b6 3.Bg2 Bb7 4.O-O Nf6 5.d3 d5 6.Nbd2 e6 7.e4 Be7
8.Re1 O-O 9.e5 Nfd7 10.Nf1 Nc6 11.h4 Qc7 12.Bf4 Nd4 13.Nxd4 cxd4
14.Qg4 Rfe8 15.Rac1 Rac8 16.Nh2 Bb4 17.Re2 Bf8 18.Nf3 Qc5 19.Bh6
Qb4 20.Nxd4 f5 21.exf6 Nxf6 22.Qf4 gxh6 23.c3 Qd6 24.Qxf6 Bg7
25.Rxe6 Bxf6 26.Rxd6 Bxd4 27.Rd7 Bc6 28.Rxa7 Bg7 29.Ra6 Rb8 30.a4
Re2 31.b4 Rf8 32.Rxb6 Rfxf2 33.Bf1 Bxa4 34.Bxe2 Rxe2 35.Rb8+
Kf7 36.Rb7+ Re7 37.Rxe7+ Kxe7 38.c4 Kd6 39.Kf2 Bb2 40.Rf1 Bc3
41.Rb1 Bc2 42.Rc1 Bd4+ 43.Ke2 Bb3 44.c5+ Kc6 45.b5+ Kb7 46.c6+
Kc7 47.Rb1 Bc2 48.Rb4 Bc5 49.Rf4 Kb6 50.Rf7 Ba4 51.Rb7+ 1-0

[Event "Moscow Open 2009 B"]
[Site "www.moscowchessopen.ru"]
[Date "2009.02.05"]
[Round "6.66"]
[White "Botoyan, Smbat"]
[Black "Gulevich, Artem"]
[Result "1/2-1/2"]
[WhiteElo "2092"]
[BlackElo "2264"]
[Annotator ""]
[Source ""]
[Remark ""]

1.d4 d5 2.c4 c6 3.cxd5 cxd5 4.Nf3 Nf6 5.Nc3 Nc6 6.Bf4 e6 7.e3
Be7 8.Bd3 O-O 9.h3 Bd7 10.O-O Rc8 11.Rc1 Na5 12.Qe2 a6 13.Rc2
Nc4 14.Rfc1 b5 15.Nb1 Qb6 16.Ne5 Nxe5 17.Bxe5 Rxc2 18.Rxc2 Bc6
19.Nd2 Nd7 20.Bf4 Rc8 21.Nb3 g6 22.Qd2 Bb7 23.Rxc8+ Bxc8 24.Qc3
Bb7 25.Qc7 Qxc7 26.Bxc7 f5 27.Na5 Bc8 28.a3 Nf6 29.Nc6 Bf8 30.Bd8
Kf7 31.Ne5+ Kg7 32.b4 Ne8 33.Bc2 Nd6 34.a4 Nb7 35.Bb6 Bxb4 36.axb5
axb5 37.Bd3 Nd6 38.Bc5 Bxc5 39.dxc5 Nc4 40.Nc6 Kf6 41.Na7 Ba6
42.c6 Ke7 43.c7 Kd7 44.c8Q+ Bxc8 45.Nxb5 Ba6 46.Nc3 Kd6 47.g4
fxg4 48.hxg4 e5 49.f3 Bc8 50.e4 Nb2 51.Bc2 d4 52.Nb1 h5 53.gxh5
gxh5 54.Nd2 Kc5 55.Kf2 Kb4 56.Bb1 Kc3 57.Nf1 h4 58.f4 Nd3+ 59.Bxd3
Kxd3 60.fxe5 Kxe4 61.Nd2+ Kd3 62.Nf3 h3 63.Ng5 Kc2 64.e6 d3 65.e7
Bd7 66.Nf3 Kc1 67.Kg3 Kb2 68.Ne5 d2 69.Nc4+ 1/2-1/2

[Event "Moscow Open 2009 B"]
[Site "www.moscowchessopen.ru"]
[Date "2009.02.05"]
[Round "6.67"]
[White "Bykov, Evgeny"]
[Black "Oleinikov, Dmitrij"]
[Result "0-1"]
[WhiteElo "2090"]
[BlackElo "2256"]
[Annotator ""]
[Source ""]
[Remark ""]

1.e4 c5 2.Nf3 Nc6 3.d4 cxd4 4.Nxd4 g6 5.Nxc6 bxc6 6.Qd4 Nf6 7.e5
Nd5 8.e6 f6 9.exd7+ Bxd7 10.Nc3 e5 11.Qc4 Nb4 12.Ne4 Nd5 13.Be2
Qb6 14.O-O Be7 15.Nc3 Be6 16.Bf3 Rc8 17.Rd1 Kf7 18.Na4 Qa5 19.Bd2
Nb4 20.Bxb4 Qxa4 0-1

[Event "Moscow Open 2009 B"]
[Site "www.moscowchessopen.ru"]
[Date "2009.02.05"]
[Round "6.68"]
[White "Kharlamov, Igor"]
[Black "Merezhko, Igor"]
[Result "1-0"]
[WhiteElo "2088"]
[BlackElo "2254"]
[Annotator ""]
[Source ""]
[Remark ""]

1.Nf3 d5 2.d4 c5 3.c4 dxc4 4.d5 Nf6 5.Nc3 Nbd7 6.e4 Nb6 7.a4
a5 8.Bf4 Nh5 9.Be5 f6 10.Bg3 Nxg3 11.hxg3 e6 12.Nh4 Qd7 13.Ng6
Rg8 14.Rxh7 exd5 15.exd5 Qg4 16.Be2 Qd4 17.Qc2 Nxd5 18.Nxd5 Qxd5
19.Bxc4 Bf5 20.Bxd5 Bxc2 21.Bxg8 Bxg6 22.Rh8 Bd3 23.b3 O-O-O
24.Bc4 Bf5 25.f3 Kc7 26.Rd1 Rb8 27.Kf2 Bd7 28.Rg8 Bc6 29.Rh1
Kd6 30.g4 Ke7 31.f4 Ra8 32.f5 Rb8 33.Re1+ Kd6 34.Rd1+ Ke7 35.Kg3
Rc8 36.Rd2 Bd7 37.Rxd7+ 1-0

[Event "Moscow Open 2009 B"]
[Site "www.moscowchessopen.ru"]
[Date "2009.02.05"]
[Round "6.69"]
[White "Pletnev, Evgeniy"]
[Black "Kuritsin, Vasily M"]
[Result "1-0"]
[WhiteElo "2246"]
[BlackElo "2058"]
[Annotator ""]
[Source ""]
[Remark ""]

1.d4 d6 2.Bg5 f6 3.Bh4 e6 4.e4 Nh6 5.Nc3 c6 6.Qd2 Nf7 7.f4 Be7
8.Nf3 Qa5 9.O-O-O Nd7 10.Kb1 a6 11.Bc4 Nf8 12.e5 d5 13.exf6 gxf6
14.Bd3 Ng6 15.f5 exf5 16.Rde1 Nxh4 17.Nxh4 Nd6 18.Rhf1 Qb4 19.Rxe7+ 1-0

[Event "Moscow Open 2009 B"]
[Site "www.moscowchessopen.ru"]
[Date "2009.02.05"]
[Round "6.70"]
[White "Chirva, Leonid"]
[Black "Valiev, Emil"]
[Result "1-0"]
[WhiteElo "2245"]
[BlackElo "2058"]
[Annotator ""]
[Source ""]
[Remark ""]

1.e4 g6 2.d4 d6 3.Nc3 Nf6 4.Be3 Bg7 5.f3 O-O 6.Qd2 Nc6 7.Nge2
d5 8.e5 Ne8 9.O-O-O e6 10.h4 f6 11.exf6 Nxf6 12.Nf4 Bh6 13.Nfxd5
Bxe3 14.Nxf6+ Qxf6 15.Qxe3 Ne7 16.Ne4 Qg7 17.h5 Nd5 18.Qd2 Nf4
19.hxg6 Nxg6 20.Bc4 Qe7 21.Rh6 Rf7 22.Rdh1 Rg7 23.d5 b6 24.Qd4
Kf8 25.dxe6 Bxe6 26.Bxe6 Qxe6 27.Rxh7 Qe7 28.Rxg7 Qxg7 29.Nf6
Qf7 30.Rh7 Qe6 31.Nd7+ Ke8 32.Qe4 Qxe4 33.Nf6+ Kf8 34.Nxe4 a5
35.Rxc7 Nf4 36.Rh7 Rd8 37.Rh8+ Ke7 38.Rxd8 1-0

[Event "Moscow Open 2009 B"]
[Site "www.moscowchessopen.ru"]
[Date "2009.02.05"]
[Round "6.71"]
[White "Panko, Alexander"]
[Black "Kuznetsov, Kirill"]
[Result "1-0"]
[WhiteElo "2087"]
[BlackElo "2245"]
[Annotator ""]
[Source ""]
[Remark ""]

1.e4 d6 2.d4 e5 3.dxe5 dxe5 4.Qxd8+ Kxd8 5.Nf3 f6 6.Be3 Nd7 7.Nc3
c6 8.O-O-O Kc7 9.a3 b6 10.Bc4 Bc5 11.Rhe1 a5 12.Be6 Ne7 13.g3
Rd8 14.Nd2 Bxe3 15.Rxe3 Nc5 16.Bxc8 Raxc8 17.f4 exf4 18.gxf4
Ng6 19.Ne2 Rd7 20.b4 Nb7 21.Nc4 Rxd1+ 22.Kxd1 Rd8+ 23.Rd3 Re8
24.Re3 axb4 25.axb4 b5 26.Nd2 Nd6 27.Ke1 Re7 28.Kf2 Kb6 29.Kf3
Nh4+ 30.Kf2 Ng6 31.Kf3 Ra7 32.Rd3 Nf7 33.Ke3 Nf8 34.Nf3 Ra1 35.Ned4
Nh6 36.Rc3 Ng4+ 37.Ke2 Rh1 38.Rxc6+ Kb7 39.Rc5 Ng6 40.Rxb5+ Kc8
41.Ne6 Kd7 42.f5 N6e5 43.Rb7+ Kd6 44.Rb6+ Ke7 45.h3 Rxh3 46.Nxe5
Nxe5 47.Rb7+ Kd6 48.Rxg7 h5 49.Nf4 Rh4 50.Ke3 Ng4+ 51.Kf3 Rh2
52.c4 Rb2 53.Nd3 Rd2 54.Nc5 Ne5+ 55.Kf4 Rf2+ 56.Kg3 Rb2 57.Nb7+
Kc6 58.Na5+ Kb6 59.Rb7+ Ka6 60.c5 Re2 61.Rb6+ Ka7 62.Rxf6 Re3+
63.Kf4 Ng4 64.Rf7+ Ka6 65.Rg7 Re1 66.Rg6+ Kb5 67.Rb6+ Ka4 68.Nc4
Nf2 69.Ne3 Nd3+ 70.Kf3 h4 71.Ng4 h3 72.Rh6 Kxb4 73.c6 Rc1 74.Ke3
Nc5 75.c7 Nd7 76.Rxh3 Rxc7 77.Kf4 Kc4 78.Rh7 Kd4 79.Ne5 Nf8 80.Nf3+ 1-0

[Event "Moscow Open 2009 B"]
[Site "www.moscowchessopen.ru"]
[Date "2009.02.05"]
[Round "6.72"]
[White "Romanov, Sergey"]
[Black "Orlov, Evgeny"]
[Result "1/2-1/2"]
[WhiteElo "2083"]
[BlackElo "2233"]
[Annotator ""]
[Source ""]
[Remark ""]

1.e4 e5 2.Nf3 Nf6 3.Nxe5 d6 4.Nf3 Nxe4 5.Qe2 Qe7 6.d3 Nf6 7.Bg5
Be6 8.Nc3 c6 9.Nd4 h6 10.Nxe6 fxe6 11.Bd2 Nbd7 12.g3 O-O-O 13.Bh3
Re8 14.O-O-O e5 15.Rhe1 Kc7 16.f4 Qf7 17.Qf2 b6 18.Qf3 d5 19.fxe5
Nxe5 20.Bf4 Bd6 21.Bxe5 Rxe5 22.d4 Re7 23.Qf2 Rhe8 24.a3 Qh5
25.Rxe7+ Rxe7 26.Qf5 Qe8 27.Qf1 h5 28.Kd2 h4 29.gxh4 Bxh2 30.Qf2
Bd6 31.Rf1 Re4 32.Rg1 Bf4+ 33.Kd1 Qh5+ 34.Ne2 Bh6 35.Bg2 Qxh4
36.Qxh4 Rxh4 37.Bf3 Rh2 38.Rg2 Rxg2 39.Bxg2 Ng4 40.Bf3 Ne3+ 41.Kd2
Nc4+ 42.Kc3 Kd6 43.a4 Ke7 44.b3 Nd6 45.Kd3 Nf5 46.c4 dxc4+ 47.bxc4
c5 48.dxc5 bxc5 49.Nc3 Nd4 50.Bb7 a5 51.Bd5 Bf4 52.Ne2 Be5 53.Nxd4
cxd4 54.c5 g5 55.Bf3 Ke6 56.Ke4 1/2-1/2

[Event "Moscow Open 2009 B"]
[Site "www.moscowchessopen.ru"]
[Date "2009.02.05"]
[Round "6.73"]
[White "Ivanets, Vladimir"]
[Black "Pylaev, Evgenij"]
[Result "1-0"]
[WhiteElo "2223"]
[BlackElo "2032"]
[Annotator ""]
[Source ""]
[Remark ""]

1.b4 b6 2.Nf3 Bb7 3.e3 e6 4.a3 Be7 5.Bb2 Bf6 6.d4 d6 7.Nc3 Nd7
8.e4 Nh6 9.g3 a6 10.Bg2 g6 11.O-O O-O 12.Re1 c5 13.e5 dxe5 14.dxe5
Be7 15.b5 Qc7 16.Qe2 Rad8 17.bxa6 Bxf3 18.Bxf3 Qa7 19.Bb7 c4
20.Nb5 Qb8 21.Bg2 Qc8 22.a7 Qc5 23.a4 Rc8 24.Ba3 Qxe5 25.Qxe5
Nxe5 26.Bxe7 1-0

[Event "Moscow Open 2009 B"]
[Site "www.moscowchessopen.ru"]
[Date "2009.02.05"]
[Round "6.74"]
[White "Dubonosov, Evgenij"]
[Black "Bolshakov, Dmitry"]
[Result "1/2-1/2"]
[WhiteElo "2082"]
[BlackElo "2217"]
[Annotator ""]
[Source ""]
[Remark ""]

1.d4 d5 2.c4 c6 3.Nf3 Nf6 4.Nc3 e6 5.e3 Nbd7 6.Bd3 Bd6 7.O-O
O-O 8.e4 dxe4 9.Nxe4 Nxe4 10.Bxe4 h6 11.b3 Re8 12.Bb2 Qe7 13.Re1
Ba3 14.Bxa3 Qxa3 15.Ne5 Rd8 16.Qh5 Qe7 17.Nxd7 Bxd7 18.Rad1 Be8
19.Bc2 Qf6 20.Qg4 Rd6 21.Qe4 g6 22.Qe5 Qe7 23.Qe3 Qf6 24.Qe5
Qe7 25.Qe3 1/2-1/2

[Event "Moscow Open 2009 B"]
[Site "www.moscowchessopen.ru"]
[Date "2009.02.05"]
[Round "6.75"]
[White "Savchuk, Vladimir"]
[Black "Bujakevich, Aleksandr"]
[Result "1-0"]
[WhiteElo "2081"]
[BlackElo "2213"]
[Annotator ""]
[Source ""]
[Remark ""]

1.d4 d5 2.c4 e6 3.Nc3 Nf6 4.Bg5 c6 5.e3 Nbd7 6.cxd5 exd5 7.Bd3
Be7 8.Qc2 O-O 9.Nge2 h6 10.h4 Re8 11.O-O-O Nf8 12.Bf4 Ng4 13.Bg3
b5 14.Kb1 a5 15.e4 dxe4 16.Nxe4 Qb6 17.Rc1 Bd7 18.Nc5 Rac8 19.Rhe1
Nf6 20.Nf4 Bd6 21.Nh5 Be7 22.Rxe7 Rxe7 23.Nxf6+ gxf6 24.Bd6 Rce8
25.Qd2 Kg7 26.Qf4 Bc8 27.Qg3+ Kh8 28.Bf4 Ne6 29.Bxh6 Qd8 30.Qf3
Qxd4 31.Qh5 Kg8 32.Be3 Qxd3+ 33.Nxd3 1-0

[Event "Moscow Open 2009 B"]
[Site "www.moscowchessopen.ru"]
[Date "2009.02.05"]
[Round "6.76"]
[White "Semenychev, Alexandr"]
[Black "Davydenko, Andrey"]
[Result "1-0"]
[WhiteElo "2080"]
[BlackElo "2212"]
[Annotator ""]
[Source ""]
[Remark ""]

1.e4 c5 2.a3 Nc6 3.b4 cxb4 4.axb4 Nxb4 5.d4 e6 6.Ba3 d5 7.c3
Nc6 8.Bxf8 Kxf8 9.Nd2 Nge7 10.Ngf3 b6 11.Bd3 a5 12.Qe2 Bb7 13.O-O
dxe4 14.Nxe4 Nd5 15.Rfe1 Nf4 16.Qe3 Nxd3 17.Qxd3 Ba6 18.Qe3 h5
19.Neg5 Rh6 20.Qf4 Qd7 21.Rab1 b5 22.Qe4 Rc8 23.Rbd1 Qd5 24.Qf4
Qd7 25.d5 exd5 26.Ne5 Nxe5 27.Rxe5 Kg8 28.Rexd5 Qe7 29.Qf5 f6
30.Rd7 Qe8 31.Qd5+ Kh8 32.Rd8 fxg5 33.Rxe8+ Rxe8 34.Qxg5 Rhe6
35.Qxh5+ Kg8 36.h4 Re1+ 37.Rxe1 Rxe1+ 38.Kh2 Re6 39.Qd5 Kf7 40.f4
g6 41.h5 Ke7 42.h6 1-0

[Event "Moscow Open 2009 B"]
[Site "www.moscowchessopen.ru"]
[Date "2009.02.05"]
[Round "6.77"]
[White "Yakimov, S Y"]
[Black "Denishev, Marat"]
[Result "1/2-1/2"]
[WhiteElo "2212"]
[BlackElo "2028"]
[Annotator ""]
[Source ""]
[Remark ""]

1.d4 d5 2.Nf3 Nf6 3.e3 Bg4 4.Nbd2 e6 5.h3 Bh5 6.c4 c6 7.Be2 Nbd7
8.O-O Bd6 9.Qb3 Qc7 10.Qc2 Bg6 11.Qd1 h6 12.b3 O-O 13.Bb2 b6
14.Rc1 Rfe8 15.a3 a6 16.Nh4 Bh7 17.Nhf3 Bg6 18.Kh1 Ne4 19.b4
Ndf6 20.Nxe4 Nxe4 21.Nd2 Qe7 22.Nxe4 Bxe4 23.Bd3 Qh4 24.Bxe4
Qxe4 25.Qc2 Qxc2 26.Rxc2 Rec8 27.cxd5 cxd5 28.Rfc1 Rxc2 29.Rxc2
b5 30.Rc6 Be7 31.Bc3 Kf8 32.Bd2 Ke8 33.Kg1 Kd7 34.Rc2 f5 35.Kf1
g5 36.Ke2 h5 37.Ra2 Rc8 38.Kd3 Rc4 39.Ra1 Ke8 40.Bc3 Kd7 41.Ra2
Rc8 42.Ra1 Rg8 43.Ke2 g4 44.Rh1 h4 45.Ra1 Bd6 46.Bd2 gxh3 47.gxh3
Rg2 48.Rh1 Ke7 49.Kf3 Rg8 50.Ke2 Rg2 51.Kf3 Rg8 52.Ra1 Kd7 53.Ke2
Rg2 54.Rh1 Ke7 55.Kf3 1/2-1/2

[Event "Moscow Open 2009 B"]
[Site "www.moscowchessopen.ru"]
[Date "2009.02.05"]
[Round "6.78"]
[White "Piatin, Oleg"]
[Black "Spichkin, Alexander"]
[Result "0-1"]
[WhiteElo "2076"]
[BlackElo "2201"]
[Annotator ""]
[Source ""]
[Remark ""]

1.e4 d5 2.exd5 Nf6 3.Nf3 Bg4 4.Bb5+ Nbd7 5.h3 Bf5 6.c4 a6 7.Bxd7+
Qxd7 8.O-O e6 9.dxe6 Bxe6 10.Re1 O-O-O 11.Qe2 Bc5 12.a3 Rhe8
13.Ne5 Qd4 14.d3 Bf5 15.Nd2 Rxe5 16.Qxe5 Qxf2+ 17.Kh1 Be4 18.Nf3
Bxf3 19.Qf5+ Kb8 20.Qxf3 Qxe1+ 21.Kh2 Bg1+ 0-1

[Event "Moscow Open 2009 B"]
[Site "www.moscowchessopen.ru"]
[Date "2009.02.05"]
[Round "6.79"]
[White "Gainullin, Yakov"]
[Black "Medvedev, Vladimir"]
[Result "0-1"]
[WhiteElo "2034"]
[BlackElo "2182"]
[Annotator ""]
[Source ""]
[Remark ""]

1.e4 Nc6 2.Nf3 d6 3.d4 Bg4 4.Bb5 a6 5.Ba4 b5 6.Bb3 e6 7.c3 Nf6
8.Bc2 e5 9.Bg5 h6 10.Bh4 g5 11.Bg3 Bxf3 12.gxf3 Bg7 13.a4 Nd7
14.d5 Ne7 15.axb5 axb5 16.Na3 O-O 17.Nxb5 Rxa1 18.Qxa1 Ng6 19.Qa7
Qf6 20.Ke2 h5 21.Qxc7 g4 22.fxg4 hxg4 23.Rg1 Qf3+ 24.Ke1 Nc5
25.Na3 Nxe4 26.Bd1 Qd3 27.Bxg4 Qd2+ 28.Kf1 Nf4 29.Nc2 Qc1+ 0-1

[Event "Moscow Open 2009 B"]
[Site "www.moscowchessopen.ru"]
[Date "2009.02.05"]
[Round "6.80"]
[White "Kretov, Evgueij"]
[Black "Elfert, Aleksandr V"]
[Result "1-0"]
[WhiteElo "2181"]
[BlackElo "2007"]
[Annotator ""]
[Source ""]
[Remark ""]

1.d4 b5 2.e4 Bb7 3.Bd3 Nf6 4.Qe2 e6 5.Bg5 a6 6.Nf3 h6 7.Bh4 Be7
8.Nbd2 d6 9.c3 Nbd7 10.a4 g5 11.Bg3 Rb8 12.b4 g4 13.Nh4 Nxe4
14.Bxe4 Bxe4 15.Nxe4 Bxh4 16.Qxg4 Bf6 17.Qh5 Be7 18.d5 e5 19.O-O
O-O 20.f4 Nf6 21.Nxf6+ Bxf6 22.fxe5 dxe5 23.Bxe5 Bxe5 24.Qxe5
Qd6 25.Qd4 f5 26.Rf3 f4 27.axb5 Rxb5 28.Rd1 Rf5 29.Rfd3 a5 30.Qc4
Qb6+ 31.Kh1 axb4 32.d6+ Rf7 33.d7 f3 34.Rxf3 1-0